Introducción a la filosofía de la historia. Ensayos sobre los límites de la objetividad histórica. Completado con textos recientes. I.

Gardado en:
Detalles Bibliográficos
Autor Principal: Aron, Raymond (autor)
Outros autores: Llanos, Alfredo tr (autor) tr, (autor)
Formato: Libro
Idioma:Lingua castelá
Temas:
Etiquetas: Engadir etiqueta
Sen Etiquetas, Sexa o primeiro en etiquetar este rexistro!

MARC

LEADER 00000nam^a2200000^u^4500
001 000524336
005 20250521000000.0
008 121122s1000^^^^^^^^^^^^r^^^^^000^0^spa^d
009 20260310130625.048
022 |a 9505163797 
035 |a FCE 000068580 
037 |a Acervo ITESO - Biblioteca 
041 |a spa 
082 0 4 |a 901  |b AROi 
100 |a Aron, Raymond  |e (autor) 
245 1 0 |a Introducción a la filosofía de la historia. Ensayos sobre los límites de la objetividad histórica. Completado con textos recientes. I. 
264 |a Argentina:  |b Ediciones Siglo Veinte,  |c 1984. 
300 |a 366 p. 
336 |a texto  |b txt  |2 rdacontenido 
337 |a sin mediación  |b n  |2 rdamedio 
338 |a volumen  |b nc  |2 rdasoporte 
649 |a XX 
650 |a Teoría 
650 |a Historia 
650 |a Filosofía 
650 |a Historia social 
700 |a Llanos, Alfredo  |e tr  |e (autor) 
910 |a Fondo Centro de Estudios Educativos 
920 |a Impresos - Libros 
930 |a Fondos Especiales 
905 |a 133 
901 |a ALE073582  |b IT2  |c CEE  |u 20250521 
902 |a https://opac.biblio.iteso.mx/vufind/Record/000524336